Tendencies in Development of Marketing and Sales from the Point of View of Purchasing Behaviour of Consumers under the Conditions of Sustainable Economy
Gespeichert in:
| 1. Verfasser: | |
|---|---|
| Weitere Verfasser: | , |
| Format: | Buchkapitel |
| Sprache: | Englisch |
| Schlagworte: | |
| Tags: |
Keine Tags, Fügen Sie das erste Tag hinzu!
|
MARC
| LEADER | 00000naa$a2200000$$$4500 | ||
|---|---|---|---|
| 001 | 0209618 | ||
| 005 | 20240502083523.6 | ||
| 041 | 0 | |a eng | |
| 044 | |a BG | ||
| 245 | 1 | 0 | |a Tendencies in Development of Marketing and Sales from the Point of View of Purchasing Behaviour of Consumers under the Conditions of Sustainable Economy |c Jaroslav Kita, Marta Grossmanová, Pavol Konštiak |
| 610 | 2 | 0 | |a marketing |
| 610 | 2 | 0 | |a spotrebitelia |
| 610 | 2 | 0 | |a zákazníci |
| 610 | 2 | 0 | |a správanie spotrebiteľa |
| 610 | 2 | 0 | |a nákup |
| 610 | 2 | 0 | |a hodnota |
| 610 | 2 | 0 | |a výrobky ekologické |
| 610 | 2 | 0 | |a ekológia |
| 610 | 2 | 0 | |a prieskum |
| 100 | 1 | |a Kita, Jaroslav | |
| 700 | 1 | |a Grossmanová, Marta | |
| 700 | 1 | |a Konštiak, Pavol | |